000 00657nam a2200193Ia 4500
003 GCL
008 140319s9999 xx 000 0 ara d
020 _a8399270977
040 _aGCL /
_cGCL
082 0 4 _a812.009
_bا ا
100 1 _aاحمد سخسوخ
245 1 0 _aاغنيات الرحيل الونوسية :
_bدراسة فى مسرح سعدالله ونوس /
_cاحمد سخسوخ
250 _aالاولى
260 _aالقاهرة :
_bالدار المصرية اللبنانية ،
_c1998
300 _a166 ص ؛
_c24 سم
650 0 4 _aالمسرحيات - تاريخ ونقد
650 0 4 _aسعد الله ونوس
942 _2ddc
_cBK
999 _c9871
_d9871